000 00635nam a22002057a 4500
005 20090819135142.0
008 090819t xxu||||| |||| 00| 0 eng d
010 _aB-328879
020 _c135.00
035 _aB-328879
037 _bUBH
100 _aCorbett, Jim
245 _aTree Tops /
_cby Jim Corbett
260 _aNew Delhi
_bOxford University Press
_c2009
270 _bNew Delhi
300 _a24p.
_c21cm.(pbk)
942 _2ddc
_cEN
_mCOR
999 _c29288
_d29288